000
00276nam a22001337a 4500
008
170718b xxu||||| |||| 00| 0 eng d
020
_a
29012
041
_a
eng
080
_a
17
100
_a
23
101
_a
FIL
245
_a
ETHICAL ISSUES
_c
MELDEN, A.I
942
_2
udc
_c
BK
999
_c
21483
_d
21483